000 00633nam a2200277Ia 4500
005 20260324125147.0
008 008 260324s9999 xx 000 0 eng d
020 _a9780203873809
037 _aEBOOK
040 _aCRL
040 _beng
040 _cCRL
041 _2eng
041 _aeng
084 _qCRL
100 _aAndrea Beretta Zanoni
_91171581
245 0 _aAccounting for Goodwill
260 _bTaylor and Francis
260 _c2009
365 _a
365 _b350
856 _uhttp://www.taylorfrancis.com/books/9780203873809
942 _cEBOOK
999 _c1771931
_d1771931